00504 2200205 4500001002100000005001500021008004100036020001800077035001900095041000600114082000800120090001400128100001700142700002300159245004300182250001200225260002100237300002500258650001500283INLIS00000000000297320241224112633241224||||||||| | ||| |||| ||  a979-756-018-4 0010-1224002973 a00 a004 a004 YAT a0 aIndra Yatini0 aErlinsyah Nasution00aAlgoritma dan Struktur Data dengan C++ aPertama bGraha Ilmuc2005 axvi, 406 hlm.; 23 cm 0aPemograman